[Event "Wch U16"]
[Site "Al Ain"]
[Date "2013.12.26"]
[Round "9"]
[White "Neagu, Mihai Cosmin"]
[Black "Kwon, Sehyun"]
[Result "1/2-1/2"]
[WhiteElo "2069"]
[BlackElo "1706"]
[PlyCount "87"]
[EventDate "2013.12.18"]
[EventType "swiss"]
[EventRounds "11"]
[EventCountry "UAE"]
[SourceTitle "CBM 158 Extra"]
[Source "ChessBase"]
[SourceDate "2014.02.28"]
[SourceVersion "1"]
[SourceVersionDate "2014.02.28"]
[SourceQuality "1"]

1. d4 Nf6 2. c4 e6 3. Nc3 Bb4 4. e3 0-0 5. Nge2 b6 6. a3 Be7 7. Ng3 Bb7 8. f3 d5 9. cxd5 exd5 10. Nf5 Re8 11. Nxe7+ Qxe7 12. Be2 c5 13. 0-0 Nc6 14. dxc5 Qxc5 15. Nb5 Ne5 16. b3 Ba6 17. a4 Red8 18. Nd4 Bxe2 19. Qxe2 Nc6 20. Bb2 Nxd4 21. Bxd4 Qb4 22. Qb5 Qxb5 23. axb5 Ne8 24. Be5 f6 25. Bg3 Nd6 26. Bxd6 Rxd6 27. Rfd1 Rd7 28. Ra4 Rc8 29. Rd3 Rc5 30. Rb4 Kf7 31. Kf2 Rdc7 32. g4 g5 33. Kg3 Rc3 34. Rxd5 Rxe3 35. Rc4 Rce7 36. b4 Rb3 37. Rf5 Rb2 38. h4 h6 39. Rc6 Re6 40. Rc7+ Re7 41. Rxe7+ Kxe7 42. hxg5 hxg5 43. f4 Rb3+ 44. Kf2 1/2-1/2

[Event "Wch U16"]
[Site "Al Ain"]
[Date "2013.12.18"]
[Round "1"]
[White "Neagu, Mihai Cosmin"]
[Black "Vavulin, Maksim"]
[Result "0-1"]
[WhiteElo "2069"]
[BlackElo "2410"]
[PlyCount "106"]
[EventDate "2013.12.18"]
[EventType "swiss"]
[EventRounds "11"]
[EventCountry "UAE"]
[SourceTitle "CBM 158 Extra"]
[Source "ChessBase"]
[SourceDate "2014.02.28"]
[SourceVersion "1"]
[SourceVersionDate "2014.02.28"]
[SourceQuality "1"]

1. c4 Nf6 2. Nc3 e5 3. g3 Bb4 4. Bg2 0-0 5. Nf3 Re8 6. 0-0 h6 7. d3 c6 8. Bd2 Bf8 9. e4 d6 10. d4 a6 11. Be3 Ng4 12. Re1 Nxe3 13. Rxe3 Nd7 14. Rd3 exd4 15. Rxd4 Qf6 16. e5 Nxe5 17. Ne4 Qf5 18. Nh4 Qe6 19. f4 Nxc4 20. f5 Qe5 21. Rxc4 d5 22. Rd4 dxe4 23. Rxe4 Qc5+ 24. Kh1 Rxe4 25. Bxe4 Qe5 26. Qc2 Bd7 27. Rd1 Be8 28. Nf3 Qc5 29. Qb3 Qb5 30. Qc2 Be7 31. Rd3 Rd8 32. b3 Rxd3 33. Bxd3 Qd5 34. Qe2 Qd8 35. Ne5 Kf8 36. Kg2 Qd4 37. Nf3 Qc3 38. Qd2 Bf6 39. Qxc3 Bxc3 40. Kf2 Ke7 41. Ke3 Kd6 42. Bc2 b5 43. Kd3 Bf6 44. b4 Bb2 45. a4 c5 46. bxc5+ Kxc5 47. axb5 Bxb5+ 48. Ke4 Kb4 49. Ne5 f6 50. Nd3+ Kc3 51. Bb1 Ba3 52. Nf4 Bc6+ 53. Ke3 Bc1+ 0-1

[Event "ROM-chT"]
[Site "Mamaia"]
[Date "2013.09.08"]
[Round "9.6"]
[White "Deac, Bogdan Daniel"]
[Black "Neagu, Mihai Cosmin"]
[Result "1/2-1/2"]
[WhiteElo "2224"]
[BlackElo "1990"]
[PlyCount "55"]
[EventDate "2013.08.31"]
[EventType "team-tourn"]
[EventRounds "9"]
[EventCountry "ROU"]
[SourceTitle "CBM 156 Extra"]
[Source "ChessBase"]
[SourceDate "2013.10.22"]
[SourceVersion "1"]
[SourceVersionDate "2013.10.22"]
[SourceQuality "1"]
[WhiteTeam "Ploiesti"]
[BlackTeam "Lugoj"]
[WhiteTeamCountry "ROU"]
[BlackTeamCountry "ROU"]

1. d4 Nf6 2. c4 e6 3. Nf3 b6 4. g3 Bb7 5. Bg2 Be7 6. 0-0 0-0 7. Nc3 Ne4 8. Qd3 Nxc3 9. Qxc3 f5 10. Bf4 Bf6 11. Qe3 Be4 12. Rad1 Nc6 13. d5 e5 14. Bg5 Bxf3 15. Bxf6 Qxf6 16. Bxf3 Na5 17. Qc1 e4 18. Bg2 Rae8 19. b4 Nb7 20. a3 a5 21. Qf4 d6 22. Qe3 axb4 23. axb4 Ra8 24. g4 g6 25. gxf5 gxf5 26. Kh1 Rae8 27. Qf4 Qe5 28. Qg3+ 1/2-1/2

[Event "ROM-chT"]
[Site "Mamaia"]
[Date "2013.09.03"]
[Round "4.6"]
[White "Palamar, Cristian"]
[Black "Neagu, Mihai Cosmin"]
[Result "1-0"]
[WhiteElo "2111"]
[BlackElo "1990"]
[PlyCount "107"]
[EventDate "2013.08.31"]
[EventType "team-tourn"]
[EventRounds "9"]
[EventCountry "ROU"]
[SourceTitle "CBM 156 Extra"]
[Source "ChessBase"]
[SourceDate "2013.10.22"]
[SourceVersion "1"]
[SourceVersionDate "2013.10.22"]
[SourceQuality "1"]
[WhiteTeam "Otopeni"]
[BlackTeam "Lugoj"]
[WhiteTeamCountry "ROU"]
[BlackTeamCountry "ROU"]

1. d4 Nf6 2. c4 e6 3. Nc3 Bb4 4. e3 0-0 5. Bd3 d5 6. Nf3 c5 7. 0-0 Nc6 8. a3 Bxc3 9. bxc3 Qc7 10. Qc2 Na5 11. Ne5 b6 12. cxd5 c4 13. Be2 exd5 14. f3 Nb3 15. Ra2 Nxc1 16. Rxc1 Ne8 17. e4 f6 18. Ng4 Bxg4 19. fxg4 Nd6 20. exd5 Rae8 21. Bf3 f5 22. Qd1 Qf7 23. Re2 fxg4 24. Bxg4 Qxd5 25. Rcc2 Qa5 26. Rxe8 Rxe8 27. Qf3 Qg5 28. Rf2 Qc1+ 29. Rf1 Qe3+ 30. Qxe3 Rxe3 31. Rf3 Rxf3 32. Bxf3 Nb5 33. Bd5+ Kf8 34. Bxc4 Nxc3 35. Kf2 Ke7 36. Ke3 Kd6 37. h4 Nd5+ 38. Ke4 Ne7 39. g3 g6 40. g4 h6 41. g5 h5 42. Bf7 b5 43. Be8 a6 44. Bf7 a5 45. Be8 b4 46. axb4 axb4 47. Bf7 b3 48. Bxb3 Nf5 49. Bc2 Nxh4 50. Kf4 Ke6 51. Be4 Kd6 52. Kg3 Nf5+ 53. Bxf5 gxf5 54. g6 1-0

[Event "World Amateur-ch"]
[Site "Iasi"]
[Date "2013.04.25"]
[Round "4"]
[White "Neagu, Mihai Cosmin"]
[Black "Helawi, Majed"]
[Result "1-0"]
[WhiteElo "1976"]
[BlackElo "1920"]
[PlyCount "43"]
[EventDate "2013.04.22"]
[EventType "swiss"]
[EventRounds "9"]
[EventCountry "ROU"]
[SourceTitle "CBM 154 Extra"]
[Source "ChessBase"]
[SourceDate "2013.06.25"]
[SourceVersion "2"]
[SourceVersionDate "2013.06.25"]
[SourceQuality "1"]

1. d4 d5 2. c4 c6 3. Nf3 Nf6 4. e3 e6 5. b3 Bd6 6. Bb2 0-0 7. Nbd2 Nbd7 8. Bd3 Qc7 9. Rc1 e5 10. cxd5 Nxd5 11. 0-0 exd4 12. Bxd4 Ne5 13. Nxe5 Bxe5 14. Bxh7+ Kxh7 15. Qh5+ Kg8 16. Bxe5 Qa5 17. Bxg7 f6 18. Qh8+ Kf7 19. Qxf8+ Kg6 20. Nf3 Qc7 21. Nh4+ Kg5 22. Qh8 1-0

[Event "ROM-ch U16"]
[Site "Calimanesti"]
[Date "2013.04.03"]
[Round "3"]
[White "Scripcaru, George Daniel"]
[Black "Neagu, Mihai Cosmin"]
[Result "1/2-1/2"]
[WhiteElo "1970"]
[BlackElo "1976"]
[PlyCount "55"]
[EventDate "2013.04.02"]
[EventType "swiss"]
[EventRounds "9"]
[EventCountry "ROU"]
[SourceTitle "CBM 153 Extra"]
[Source "ChessBase"]
[SourceDate "2013.04.22"]
[SourceVersion "1"]
[SourceVersionDate "2013.04.22"]
[SourceQuality "1"]

1. d4 Nf6 2. Nc3 e6 3. e4 Bb4 4. Bd3 c5 5. dxc5 Bxc3+ 6. bxc3 Qa5 7. Nf3 Qxc3+ 8. Bd2 Qxc5 9. Rb1 Nc6 10. 0-0 e5 11. Nh4 d5 12. exd5 Qxd5 13. Rb5 Qd8 14. Nf5 0-0 15. Bg5 a6 16. Rc5 Be6 17. Qf3 Bxf5 18. Qxf5 Qd7 19. Bxf6 Qxf5 20. Bxf5 gxf6 21. Be4 Rac8 22. Rb1 Nd4 23. Rxc8 Rxc8 24. Rxb7 Rc5 25. g3 f5 26. Bd3 e4 27. Bxa6 Rxc2 28. a4 1/2-1/2

[Event "ROM-ch"]
[Site "Baile Olanesti"]
[Date "2013.02.24"]
[Round "11"]
[White "Ciobanu, Aurelian"]
[Black "Neagu, Mihai Cosmin"]
[Result "1-0"]
[WhiteElo "2218"]
[BlackElo "1962"]
[PlyCount "79"]
[EventDate "2013.02.16"]
[EventType "swiss"]
[EventRounds "11"]
[EventCountry "ROU"]
[SourceTitle "CBM 153 Extra"]
[Source "ChessBase"]
[SourceDate "2013.04.22"]
[SourceVersion "1"]
[SourceVersionDate "2013.04.22"]
[SourceQuality "1"]

1. e4 c5 2. Nf3 e6 3. b4 cxb4 4. d4 Nf6 5. Bd3 Nc6 6. Bb2 d5 7. e5 Ne4 8. 0-0 b6 9. Re1 Bb7 10. Nfd2 Nxd2 11. Nxd2 Be7 12. Qg4 g6 13. Re3 h5 14. Qh3 Bg5 15. Rf1 Bxe3 16. fxe3 Qe7 17. Rf6 0-0-0 18. Qf3 Rhf8 19. Qf1 Nb8 20. Bb5 a6 21. Bd3 b5 22. Nb3 Nd7 23. Rf2 Kb8 24. Qe1 Rc8 25. Bc1 Rc3 26. Bd2 Rfc8 27. Qf1 Qf8 28. Qe1 Qe7 29. a3 f5 30. exf6 Nxf6 31. h3 Ne4 32. Bxe4 dxe4 33. Bxc3 bxc3 34. Nc5 Rxc5 35. dxc5 Qxc5 36. Rf7 a5 37. Qg3+ e5 38. Qxg6 b4 39. axb4 axb4 40. Rf1 1-0

[Event "ROM-ch"]
[Site "Baile Olanesti"]
[Date "2013.02.20"]
[Round "6"]
[White "Veneteanu, Ion Cristian"]
[Black "Neagu, Mihai Cosmin"]
[Result "1-0"]
[WhiteElo "2152"]
[BlackElo "1962"]
[PlyCount "71"]
[EventDate "2013.02.16"]
[EventType "swiss"]
[EventRounds "11"]
[EventCountry "ROU"]
[SourceTitle "CBM 153 Extra"]
[Source "ChessBase"]
[SourceDate "2013.04.22"]
[SourceVersion "1"]
[SourceVersionDate "2013.04.22"]
[SourceQuality "1"]

1. Nf3 c5 2. c4 Nf6 3. d4 g6 4. Nc3 cxd4 5. Nxd4 Bg7 6. e4 d6 7. Be2 Nc6 8. Be3 0-0 9. Qd2 Ng4 10. Bxg4 Bxg4 11. f3 Bd7 12. 0-0 Rc8 13. b3 f5 14. exf5 gxf5 15. Nxc6 bxc6 16. Bh6 Rf6 17. Bxg7 Kxg7 18. f4 Qb6+ 19. Kh1 Be6 20. Rae1 Rg8 21. Re3 Kf7 22. Rfe1 Rgg6 23. Nd5 cxd5 24. cxd5 Qb5 25. dxe6+ Rxe6 26. h3 a6 27. Rxe6 Rxe6 28. Rxe6 Kxe6 29. Qe3+ Kf6 30. Qd4+ Kg6 31. Kh2 Qe2 32. a4 Qe4 33. Qxe4 fxe4 34. b4 Kf5 35. a5 Kxf4 36. b5 1-0

[Event "ROM-ch"]
[Site "Baile Olanesti"]
[Date "2013.02.19"]
[Round "5"]
[White "Neagu, Mihai Cosmin"]
[Black "Siclovan, Cristian Daniel"]
[Result "1-0"]
[WhiteElo "1962"]
[BlackElo "2174"]
[PlyCount "125"]
[EventDate "2013.02.16"]
[EventType "swiss"]
[EventRounds "11"]
[EventCountry "ROU"]
[SourceTitle "CBM 153 Extra"]
[Source "ChessBase"]
[SourceDate "2013.04.22"]
[SourceVersion "1"]
[SourceVersionDate "2013.04.22"]
[SourceQuality "1"]

1. c4 Nf6 2. g3 e6 3. Bg2 d5 4. Nf3 Be7 5. 0-0 0-0 6. b3 Nbd7 7. Bb2 c6 8. e3 b6 9. d4 a5 10. Nbd2 Ba6 11. Re1 a4 12. Rc1 a3 13. Ba1 Bb4 14. Qc2 Qe7 15. Red1 Rac8 16. e4 Rfd8 17. e5 Ne8 18. Bf1 Nf8 19. Qb1 Nc7 20. cxd5 cxd5 21. Rxc7 Rxc7 22. Bxa6 Qd7 23. Qd3 Qc6 24. Ne1 Rb8 25. Bb5 Qa8 26. Nc2 Be7 27. Nb1 Rbc8 28. Bc3 Nd7 29. Rc1 Nb8 30. b4 g6 31. Bd2 Bf8 32. Nbxa3 Ra7 33. Rb1 Be7 34. Rb3 Rac7 35. Ne3 Ra7 36. h4 Nc6 37. Nec2 Nb8 38. h5 Nd7 39. Ne3 Nb8 40. Ng4 Nc6 41. Bxc6 Rxc6 42. Qf3 Qf8 43. Nf6+ Bxf6 44. exf6 Qc8 45. hxg6 fxg6 46. Nb5 Rf7 47. g4 Qd7 48. Ra3 Rc8 49. Nc3 Qd6 50. Ne2 e5 51. dxe5 Qxe5 52. Bc3 Qd6 53. g5 Re8 54. Qf4 Qc6 55. Ng3 Rd7 56. Qd4 Kf7 57. Ra6 Re6 58. a4 Rc7 59. Bb2 Qb7 60. b5 Rc4 61. Qd2 Re8 62. Bd4 Re6 63. a5 1-0

[Event "ROM-chT"]
[Site "Mamaia"]
[Date "2012.09.30"]
[Round "9.6"]
[White "Dragomirescu, Robin Alexandru"]
[Black "Neagu, Mihai Cosmin"]
[Result "1-0"]
[WhiteElo "2390"]
[BlackElo "1928"]
[PlyCount "117"]
[EventDate "2012.09.22"]
[EventType "team-tourn"]
[EventRounds "9"]
[EventCountry "ROU"]
[SourceTitle "CBM 150 Extra"]
[Source "ChessBase"]
[SourceDate "2012.10.19"]
[SourceVersion "1"]
[SourceVersionDate "2012.10.19"]
[SourceQuality "1"]
[WhiteTeam "Timisoara Luxten"]
[BlackTeam "Lugoj CSM"]
[WhiteTeamCountry "ROU"]
[BlackTeamCountry "ROU"]

1. e4 c5 2. Nf3 e6 3. d4 cxd4 4. Nxd4 a6 5. Bd3 Qc7 6. 0-0 Nf6 7. Qe2 d6 8. c4 Be7 9. Nc3 Nbd7 10. f4 b6 11. Bd2 Bb7 12. Rae1 0-0 13. Kh1 Rad8 14. b4 Rfe8 15. Nf3 g6 16. a3 Bf8 17. Qf2 Bg7 18. Qh4 Qc8 19. h3 Qa8 20. Re2 Nh5 21. Nd1 Bf6 22. Qg4 Bg7 23. Rfe1 Kf8 24. Qh4 Bf6 25. Qg4 Kg8 26. Nh2 Qc8 27. Nf2 Bg7 28. Qf3 f5 29. Nf1 Nhf6 30. Ng3 Nxe4 31. Ngxe4 fxe4 32. Bxe4 Bxe4 33. Nxe4 Nf6 34. Nxf6+ Bxf6 35. Re4 Re7 36. Be3 b5 37. Bb6 Rde8 38. cxb5 axb5 39. Bd4 Bxd4 40. Rxd4 d5 41. h4 Rc7 42. h5 Rc3 43. Re3 Rc4 44. Rd1 Qc7 45. hxg6 hxg6 46. Qg4 Kf7 47. Rh3 Rxf4 48. Qg5 Kg7 49. Qh6+ Kf6 50. Rg3 Rg8 51. Rdd3 Rf1+ 52. Kh2 Rf5 53. Qd2 Rh8+ 54. Kg1 Qe5 55. Rdf3 Rhh5 56. Re3 Qf4 57. Qe2 Qc4 58. Rxe6+ Kg7 59. Rexg6+ 1-0

[Event "ROM-ch"]
[Site "Sarata Monteoru"]
[Date "2012.02.21"]
[Round "11"]
[White "Neagu, Mihai Cosmin"]
[Black "Patrascu, Catalin Lucian"]
[Result "1/2-1/2"]
[WhiteElo "1918"]
[BlackElo "1816"]
[PlyCount "95"]
[EventDate "2012.02.13"]
[EventType "swiss"]
[EventRounds "11"]
[EventCountry "ROU"]
[SourceTitle "CBM 147 Extra"]
[Source "ChessBase"]
[SourceDate "2012.04.24"]
[SourceVersion "1"]
[SourceVersionDate "2012.04.24"]
[SourceQuality "1"]

1. c4 e5 2. Nf3 Nc6 3. g3 Nf6 4. Nc3 Bc5 5. Bg2 d6 6. h3 0-0 7. 0-0 Nh5 8. e3 g6 9. d4 Bb6 10. Nd5 f5 11. Nxb6 axb6 12. dxe5 dxe5 13. Qd5+ Qxd5 14. cxd5 Nb4 15. Nxe5 Nf6 16. d6 cxd6 17. Nc4 Be6 18. b3 Bxc4 19. bxc4 Rac8 20. Bb2 Kg7 21. Rfd1 Rfd8 22. a3 Nc6 23. Rac1 Ne5 24. Bf1 Kf7 25. Kg2 Ne4 26. Bd4 Nc5 27. Rb1 Ned7 28. Be2 Ra8 29. g4 Ke7 30. Bf3 Rxa3 31. Bd5 Rf8 32. Bg7 Rfa8 33. gxf5 gxf5 34. Bd4 Ra2 35. Kf3 Rc2 36. Rb2 Rxb2 37. Bxb2 Ne5+ 38. Ke2 Ra2 39. Rd2 Nb3 40. Rc2 Na1 41. Rd2 Nb3 42. c5 Nxd2 43. cxd6+ Kxd6 44. Bxa2 Ndc4 45. Bd4 b5 46. Bb1 Ke6 47. Ba2 Kd6 48. Bb1 1/2-1/2

[Event "ROM-ch"]
[Site "Sarata Monteoru"]
[Date "2012.02.15"]
[Round "4"]
[White "Rusu, Vasile"]
[Black "Neagu, Mihai Cosmin"]
[Result "0-1"]
[WhiteElo "1760"]
[BlackElo "1918"]
[PlyCount "52"]
[EventDate "2012.02.13"]
[EventType "swiss"]
[EventRounds "11"]
[EventCountry "ROU"]
[SourceTitle "CBM 147 Extra"]
[Source "ChessBase"]
[SourceDate "2012.04.24"]
[SourceVersion "1"]
[SourceVersionDate "2012.04.24"]
[SourceQuality "1"]

1. d4 Nf6 2. c4 e6 3. Nf3 b6 4. g3 Bb7 5. Bg2 Be7 6. 0-0 0-0 7. Nc3 Ne4 8. Qc2 f5 9. Rd1 Nxc3 10. Qxc3 Bf6 11. Qb3 d6 12. a4 a5 13. h4 h6 14. Bf4 Qe7 15. Qa3 Na6 16. Bd2 Rab8 17. e3 c5 18. Bc3 Nb4 19. Rac1 Rbd8 20. Ne5 dxe5 21. dxe5 Bxg2 22. exf6 Qb7 23. fxg7 Rfe8 24. Bf6 Bh3 25. e4 Qxe4 26. f3 Qe2 0-1

[Event "ROM-ch U14"]
[Site "Voineasa"]
[Date "2010.04.11"]
[Round "5"]
[White "Neagu, Mihai Cosmin"]
[Black "Balacianu, Alexandru George"]
[Result "1/2-1/2"]
[WhiteElo "1580"]
[BlackElo "1661"]
[PlyCount "94"]
[EventDate "2010.04.08"]
[EventType "swiss"]
[EventRounds "9"]
[EventCountry "ROU"]
[SourceTitle "EXT 2020"]
[Source "ChessBase"]
[SourceDate "2019.10.17"]
[SourceVersion "1"]
[SourceVersionDate "2019.10.17"]
[SourceQuality "1"]

1. c4 e5 2. Nc3 Nc6 3. g3 g6 4. Bg2 Bg7 5. e3 d6 6. Nge2 Be6 7. d4 Bd7 8. 0-0 Nf6 9. d5 Ne7 10. e4 0-0 11. Qd3 Qc8 12. b4 a6 13. a4 Bh3 14. Ba3 Bxg2 15. Kxg2 Nd7 16. c5 f5 17. f3 fxe4 18. fxe4 Nf6 19. b5 dxc5 20. Bxc5 Rf7 21. Rac1 Qd7 22. Rfd1 Nc8 23. Ng1 Nd6 24. Nf3 Re8 25. Ng5 Bh6 26. Nxf7 Bxc1 27. Nxd6 cxd6 28. Rxc1 dxc5 29. bxa6 bxa6 30. Qxa6 Rf8 31. Qc4 Qf7 32. Rf1 Qb7 33. Nb5 Qc8 34. h3 Kg7 35. Qc3 Qb8 36. d6 Qb7 37. Qxe5 Qxe4+ 38. Qxe4 Nxe4 39. d7 Rd8 40. Re1 Nf6 41. Nc7 Rxd7 42. Ne6+ Kf7 43. Nxc5 Rc7 44. Nd3 Rc2+ 45. Kf3 Rc3 46. Ke3 Ra3 47. Rc1 Rxa4 1/2-1/2

[Event "ROM-ch U14"]
[Site "Voineasa"]
[Date "2010.04.09"]
[Round "3"]
[White "Lupascu, Matei Alexandru"]
[Black "Neagu, Mihai Cosmin"]
[Result "1-0"]
[WhiteElo "1733"]
[BlackElo "1580"]
[PlyCount "65"]
[EventDate "2010.04.08"]
[EventType "swiss"]
[EventRounds "9"]
[EventCountry "ROU"]
[SourceTitle "EXT 2020"]
[Source "ChessBase"]
[SourceDate "2019.10.17"]
[SourceVersion "1"]
[SourceVersionDate "2019.10.17"]
[SourceQuality "1"]

1. d4 Nf6 2. c4 e6 3. Nf3 b6 4. e3 Bb7 5. Bd3 Bb4+ 6. Nbd2 c5 7. a3 Bxd2+ 8. Qxd2 d6 9. b3 Ne4 10. Qc2 f5 11. Bb2 0-0 12. 0-0 Nd7 13. Nd2 Ndf6 14. Nxe4 Nxe4 15. f3 Ng5 16. Qc3 Qf6 17. dxc5 Qxc3 18. Bxc3 bxc5 19. b4 Rac8 20. Rab1 Ba8 21. Rfd1 Nf7 22. Kf2 Rc7 23. Be2 Bc6 24. Rd2 Rb8 25. Rg1 Rd7 26. g4 Ng5 27. Rg3 Nf7 28. gxf5 e5 29. h4 Kf8 30. Rd1 a6 31. Rdg1 Nh6 32. e4 Ng8 33. bxc5 1-0